000 00612nam a2200181 i 4500
001 96879
003 ES-MaACL
005 20230906182007.0
007 t|
008 050704s1961 sp ||||1| spa d
100 1 _aMandleberg, J. H.
_975958
245 1 0 _aProblemas elementales de Química. Física /
_cH. J. Mandleberg ; traducido por Celso Gutiérrez Losa y Gabriella Allegro Vettore.
260 _aZaragoza :
_bAcribia,
_c1961.
300 _aX, 355 p. :
_bil. ;
_c22 cm.
700 1 _aGutiérrez Losa, Celso.
_961177
700 1 _aAllegro Vettore, Gabriella.
_919972
852 _aES-MaACL
_jC-21400
_bR.49811
999 _c96879
_d96879